Entry Personal Name
Number of records used in: 1
001 - CONTROL NUMBER
003 - CONTROL NUMBER IDENTIFIER
005 - DATE AND TIME OF LATEST TRANSACTION
- control field:
20230926150703.0
008 - FIXED-LENGTH DATA ELEMENTS
- fixed length control field:
780718n| azannaabn |n aaa
010 ## - LIBRARY OF CONGRESS CONTROL NUMBER
- LC control number:
n 78045729
035 ## - SYSTEM CONTROL NUMBER
- System control number:
(CaEvSKY)skya1265471
035 ## - SYSTEM CONTROL NUMBER
- System control number:
(OCoLC)oca00181626
040 ## - CATALOGING SOURCE
- Original cataloging agency:
DLC
- Language of cataloging:
eng
- Description conventions:
rda
- Transcribing agency:
DLC
- Modifying agency:
MX-SlUA
- Modifying agency:
OCoLC
046 ## - SPECIAL CODED DATES
- Birth date:
1946-01-09
- Source of date scheme:
edtf
100 1# - HEADING--PERSONAL NAME
- Personal name:
Spence, Lawrence E.
373 ## - ASSOCIATED GROUP
- Associated group:
University of Illinois at Chicago
- Source of term:
naf
377 ## - ASSOCIATED LANGUAGE
670 ## - SOURCE DATA FOUND
- Source citation:
Friedberg, S. H. Linear algebra, c1979 (a.e.)
- Information found:
t.p. (Lawrence E. Spence, U. of Ill.)
670 ## - SOURCE DATA FOUND
- Source citation:
His Finite mathematics, c1981:
- Information found:
t.p. (Lawrence E. Spence) CIP data sheet (b. 1/19/46)
670 ## - SOURCE DATA FOUND
- Source citation:
Algebra lineal, 1982 :
- Information found:
title page (Lawrence E. Spence)